000 00712nam a2200193Ia 4500
008 090201s9999 xx 000 0 und d
010 _aKPL-71729
020 _a81-7766-709-2
040 _bमराठी
041 _aमराठी
082 _a51821
_b71729
100 _aविल्यम डॅलरिंपल / अनु . नरवणे सुधा
245 _aव्हाईट मुघल्स
_cविल्यम डॅलरिंपल / अनु . नरवणे सुधा
250 _a1
260 _c2006
_bमेहता पब्लिशिंग हाऊस
300 _a433
_bलहान
600 _aव्हाईट मुघल्स
942 _cBOOK
999 _c248282
_d248282